| 000 -LEADER |
| fixed length control field |
01594pam a2200385 a 4500 |
| 001 - CONTROL NUMBER |
| control field |
1633801 |
| 003 - CONTROL NUMBER IDENTIFIER |
| control field |
CITU |
| 005 - DATE AND TIME OF LATEST TRANSACTION |
| control field |
20260212162811.0 |
| 008 - FIXED-LENGTH DATA ELEMENTS--GENERAL INFORMATION |
| fixed length control field |
260212b ||||| |||| 00| 0 eng d |
| 010 ## - LIBRARY OF CONGRESS CONTROL NUMBER |
| LC control number |
96012134 |
| 020 ## - INTERNATIONAL STANDARD BOOK NUMBER |
| International Standard Book Number |
0471592684 |
| Qualifying information |
cloth : acid-free paper |
| 020 ## - INTERNATIONAL STANDARD BOOK NUMBER |
| International Standard Book Number |
9780471592686 |
| Qualifying information |
(cloth : acid-free paper) |
| 035 ## - SYSTEM CONTROL NUMBER |
| System control number |
1633801 |
| 041 ## - LANGUAGE CODE |
| Language code of text/sound track or separate title |
eng |
| 050 00 - LIBRARY OF CONGRESS CALL NUMBER |
| Classification number |
TK7871.6 |
| Item number |
.B353 1997 |
| 082 00 - DEWEY DECIMAL CLASSIFICATION NUMBER |
| Classification number |
621.382/4 |
| Edition number |
20 |
| 100 1# - MAIN ENTRY--PERSONAL NAME |
| Preferred name for the person |
Balanis, Constantine A., |
| Dates associated with a name |
1938- |
| Relator term |
author |
| 245 10 - TITLE STATEMENT |
| Title |
Antenna theory : |
| Remainder of title |
analysis and design / |
| Statement of responsibility, etc |
Constantine A. Balanis. |
| 250 ## - EDITION STATEMENT |
| Edition statement |
Second edition |
| 264 #1 - PUBLICATION, DISTRIBUTION, ETC. (IMPRINT) |
| Place of publication, distribution, etc |
New York : |
| Name of publisher, distributor, etc |
Wiley, |
| Date of publication, distribution, etc |
c1997. |
| 300 ## - PHYSICAL DESCRIPTION |
| Extent |
xvi, 941 pages : |
| Other physical details |
illustrations ; |
| Dimensions |
26 cm. + |
| Accompanying material |
1 floppy disk (3 1/2 in.) |
| 336 ## - CONTENT TYPE |
| Content type term |
text |
| Content type code |
txt |
| Source |
rdacontent |
| 337 ## - MEDIA TYPE |
| Media type term |
unmediated |
| Media type code |
n |
| Source |
rdamedia |
| 338 ## - CARRIER TYPE |
| Carrier type term |
volume |
| Carrier type code |
nc |
| Source |
rdacarrier |
| 504 ## - BIBLIOGRAPHY, ETC. NOTE |
| Bibliography, etc |
Includes bibliographical references and index. |
| 650 #0 - SUBJECT ADDED ENTRY--TOPICAL TERM |
| Topical term or geographic name as entry element |
Antennas (Electronics) |
| 856 42 - ELECTRONIC LOCATION AND ACCESS |
| Materials specified |
Publisher description |
| Uniform Resource Identifier |
http://www.loc.gov/catdir/description/wiley037/96012134.html |
| 856 4# - ELECTRONIC LOCATION AND ACCESS |
| Materials specified |
Table of Contents only |
| Uniform Resource Identifier |
http://www.loc.gov/catdir/toc/onix03/96012134.html |
| 856 42 - ELECTRONIC LOCATION AND ACCESS |
| Materials specified |
Contributor biographical information |
| Uniform Resource Identifier |
http://www.loc.gov/catdir/enhancements/fy0607/96012134-b.html |
| 906 ## - LOCAL DATA ELEMENT F, LDF (RLIN) |
| a |
7 |
| b |
cbc |
| c |
orignew |
| d |
1 |
| e |
ocip |
| f |
19 |
| g |
y-gencatlg |
| 942 ## - ADDED ENTRY ELEMENTS |
| Source of classification or shelving scheme |
|
| Item type |
BOOK |